| 000 | 00428nam a2200157Ia 4500 | ||
|---|---|---|---|
| 008 | 151213s9999 xx 000 0 und d | ||
| 100 | _aJohn D. Daniels & Lee H. | ||
| 245 |
_aInternational Business _cJohn D. Daniels & Lee H. |
||
| 250 | _a10th | ||
| 260 |
_aNew Jersey _bPerarson Prentic Hall _c2004 |
||
| 300 | _a4197 p. | ||
| 650 | _aBusiness | ||
| 650 | _aBusiness | ||
| 700 | _aJohn D. Daniels & Lee H. | ||
| 999 |
_c2621 _d2621 |
||